000 00553nam a2200229Ia 4500
003 OSt
005 20220924150112.0
006 a|||||r|||| 00| 0
007 ta
008 220923b |||||||| |||| 00| 0 tel d
024 _a331781
037 _cTextual
040 _aARTS
_cARTS
_btel
041 _2tel
_atel
082 _aO35,1, J0
100 _aReddy Rama
_9221269
245 0 _aNanardhasiba satakamu
260 _c1950
650 _aTELUGU POETRY
942 _hO35,1, J0
_cTEXL
_2CC
999 _c462199
_d462199